Click the Eric Clapton Song Title Ending - Statistics

General Stats
  • This quiz has been taken 210 times
  • The average score is 15 of 22
Answer Stats
Hint Answer % Correct
I Shot The Sheriff
97%
Tears in Heaven
93%
Before You Accuse Me
92%
Can't Find My Way Home
90%
Change the World
83%
Bell Bottom Blues
81%
My Father's Eyes
79%
Sunshine Of Your Love
79%
After Midnight
75%
Lay Down Sally
75%
Wonderful Tonight
75%
She's Waiting
69%
White Room
68%
I Feel Free
67%
Let It Rain
66%
Running on Faith
59%
Strange Brew
55%
I Ain't Gonna Stand to It
44%
Heart Full of Soul
42%
Shape of Things
42%
Forever Man
38%
Tulsa Time
30%
No matching quizzes found
Score Distribution
Percent of People with Each Score
Percentile by Number Answered
Your Score History
You have not taken this quiz